000 00500nam a2200145 4500
999 _c10992
_d10992
008 181003b ||||| |||| 00| 0 eng d
022 _a16565649
082 _aDPer 303.405 H22 June -Sept 2016 v.12 n. 7-10
100 _931917
_aChan, Zachary.
245 _aApp attack:
_bcheap virtual thrills/
_cZachary Chan.
260 _aQuezon City:
_bHardware Zone Phils. Corp.,
_c©June -Sept 2016.
300 _av12 n9, page 89:
_billustrations;
_c28 cm.
650 0 _931918
_aVirtual reality.
942 _2ddc
_cPER